000 01184nam a2200217 4500
001 144101
003 ES-MaACL
005 20230906200938.0
007 t|
008 070214s1967 sp r ||||1| spa d
111 2 _aSimposio sobre la Alteración de los Materiales Pétreos Utilizados en los Monumentos (
_cMadrid (
_d1965) (
_n. 1º)
_9220967
245 1 0 _aSimposio sobre la alteración de los materiales pétreos utilizados en los monumentos
_b: Madrid, noviembre 1965.
260 _aMadrid :
_bInstituto Central de Conservación y Restauración de Obras de Arte, Arqueología y Etnología,
_c1967 (
_eValencia :
_fGráf. Soler)
300 _a223 p., 50 lám. ;
_c24 cm.
500 _aPrecede al tít.: Ministerio de Educación y Ciencia. Dirección General de Bellas Artes, y Consejo Superior de Investigaciones Científicas.
710 1 _aEspaña.
_bDirección General de Bellas Artes.
_93704
710 2 _aConsejo Superior de Investigaciones Científicas (España)
_93236
710 2 _aInstituto Central de Restauración y Conservación de Obras y Objetos de Arte, Arqueología y Etnología (España)
_9163129
852 _aES-MaACL
_jC-32360
_bR.62972
999 _c144101
_d144101